| 000 | 01572cam a2200349 a 4500 | ||
|---|---|---|---|
| 999 |
_c329027 _d329027 |
||
| 001 | 14032922 | ||
| 003 | Nust | ||
| 005 | 20170420163406.0 | ||
| 008 | 050712s2004 ii a b 100 0 eng | ||
| 010 | _a 2004314921 | ||
| 025 | _aI-E-2004-314921; 18-91; 19-91 | ||
| 037 |
_bLibrary of Congress -- New Delhi Overseas Office _cRs72.00 |
||
| 040 |
_aDLC _cDLC |
||
| 041 | 0 |
_aeng _asan |
|
| 042 | _alcode | ||
| 043 | _aa-ii--- | ||
| 050 | 0 | 0 |
_aN7302 _b.A686 2004 |
| 082 |
_a954.8 _bAIY |
||
| 245 | 0 | 0 |
_aArt of ancient India : _bcontextualizing social relations / _ceditors, Shivaji k. Panikkar and Abha Sheth. |
| 250 | _a1st ed. | ||
| 260 |
_a[Baroda] : _bMaharaja Sayajirao University of Baroda : _bCopies available at University Publication Sales Unit, _c[2004?] |
||
| 300 |
_axii, 93 p. : _bill. ; _c26 cm. |
||
| 504 | _aIncludes bibliographical references. | ||
| 520 | _aContributed articles presented at a conference titled theorizing India's pre-modern visual culture: issues of class, caste, gender, and sexualities at Department of Art History and Aesthetics, Maharaja Sayajirao University of Baroda, February 13th-15th, 2003. | ||
| 546 |
_aIncludes words in Sanskrit _b(roman). |
||
| 650 | 0 |
_aArt, Ancient _zIndia. |
|
| 650 | 0 |
_aArt and society _zIndia. |
|
| 700 | 1 | _aPanikkar, Shivaji. | |
| 700 | 1 | _aSheth, Abha. | |
| 710 | 2 |
_aMaharaja Sayajirao University of Baroda. _bDepartment of Art History and Aesthetics. |
|
| 906 |
_a7 _bcbc _corigode _d3 _encip _f20 _gy-gencatlg |
||
| 942 |
_2ddc _cBK |
||